<?xml version="1.0" encoding="UTF-8"?>
<collection xmlns="http://www.loc.gov/MARC21/slim">
 <record>
  <leader>01078pamaa2200205   4500</leader>
  <controlfield tag="001">0000031343</controlfield>
  <controlfield tag="005">20100426090000.0</controlfield>
  <controlfield tag="008">100223                             eng  </controlfield>
  <datafield tag="020" ind1="0" ind2="0">
   <subfield code="a">9780199285334 (pbk.) </subfield>
  </datafield>
  <datafield tag="090" ind1="0" ind2="0">
   <subfield code="a">KF570 </subfield>
   <subfield code="b">BUR 2006</subfield>
  </datafield>
  <datafield tag="100" ind1="1" ind2="0">
   <subfield code="a">Burn </subfield>
  </datafield>
  <datafield tag="245" ind1="1" ind2="0">
   <subfield code="a">Cheshire and Burn's modern law of real property  </subfield>
   <subfield code="c">E.H.Burn.</subfield>
  </datafield>
  <datafield tag="250" ind1="0" ind2="0">
   <subfield code="a">17th ed.</subfield>
  </datafield>
  <datafield tag="260" ind1="0" ind2="0">
   <subfield code="a">Oxford ; New York: </subfield>
   <subfield code="b">Oxford University Press, </subfield>
   <subfield code="c">2006.</subfield>
  </datafield>
  <datafield tag="300" ind1=" " ind2=" ">
   <subfield code="a">cxxi, 1091p.; </subfield>
   <subfield code="c">25cm.</subfield>
  </datafield>
  <datafield tag="504" ind1="0" ind2="0">
   <subfield code="a">Includes bibliographical references (p. [1055]-1065) and index</subfield>
  </datafield>
  <datafield tag="505" ind1="0" ind2="0">
   <subfield code="a">Introduction to the modern law -- The pattern of development -- The common law system -- Modification of the common law by equity -- Settlements before 1926 -- The simplification of the law: 1925, 1996 and 2002 -- Adverse possession. Limitation of actions -- Real property. Property rights and the meaning of land -- Estates and interests in land -- The estate in fee simple absolute in possession -- Commonhold -- Leasehold interests</subfield>
  </datafield>
  <datafield tag="650" ind1="0" ind2="0">
   <subfield code="a">Real property -- </subfield>
   <subfield code="z">Great Britain </subfield>
  </datafield>
  <datafield tag="700" ind1="1" ind2="1">
   <subfield code="a">Cartwright, </subfield>
   <subfield code="h">John </subfield>
  </datafield>
  <datafield tag="901" ind1=" " ind2=" ">
   <subfield code="u">www.oup.com</subfield>
  </datafield>
 </record>
</collection>
